[Event "XtraCon-Skakligaen"]
[Site "Denmark"]
[Date "2013.03.09"]
[Round "8.1"]
[White "Rasmussen, Allan Stig"]
[Black "Hagen, Andreas Skytte"]
[Result "1/2-1/2"]
[WhiteElo "2511"]
[BlackElo "2416"]
[PlyCount "85"]
[EventDate "2012.10.27"]
[EventType "team-tourn"]
[EventRounds "9"]
[WhiteTeam "Jetsmark"]
[BlackTeam "K41"]
[WhiteTeamCountry "DEN"]
[BlackTeamCountry "DEN"]

1. e4 e6 2. d4 d5 3. Nc3 Nf6 4. e5 Nfd7 5. f4 c5 6. Nf3 Nc6 7. Be3 cxd4 8. Nxd4
Qb6 9. Qd2 Qxb2 10. Rb1 Qa3 11. Bb5 Nxd4 12. Bxd4 a6 13. Rb3 Qe7 14. Ba4 b5 15.
Bxb5 axb5 16. Nxb5 Qh4+ 17. g3 Qd8 18. Qc3 Qa5 19. Nc7+ Kd8 20. Nxa8 Qxa8 21.
O-O Qa4 22. Rfb1 Qxd4+ 23. Qxd4 Bc5 24. Qxc5 Nxc5 25. Rc3 Ne4 26. Ra3 Re8 27.
Ra8 Re7 28. a4 Rc7 29. a5 Nc5 30. Rb6 Ke7 31. Rbb8 Kd7 32. Kf2 Na6 33. Rxc8
Rxc8 34. Rxa6 Rxc2+ 35. Ke3 g6 36. g4 Rc3+ 37. Kf2 Rc6 38. Ra8 Rc8 39. Ra7+ Rc7
40. Ra6 Rc6 41. Ra7+ Rc7 42. Ra6 Rc6 43. Ra7+ 1/2-1/2

[Event "XtraCon-Skakligaen"]
[Site "Denmark"]
[Date "2013.03.09"]
[Round "8.2"]
[White "Nilssen, John Arni"]
[Black "Pedersen, Christian Kyndel"]
[Result "0-1"]
[WhiteElo "2364"]
[BlackElo "2443"]
[PlyCount "182"]
[EventDate "2012.10.27"]
[EventType "team-tourn"]
[EventRounds "9"]
[WhiteTeam "K41"]
[BlackTeam "Jetsmark"]
[WhiteTeamCountry "DEN"]
[BlackTeamCountry "DEN"]

1. d4 Nf6 2. c4 e6 3. Nc3 Bb4 4. Qc2 O-O 5. a3 Bxc3+ 6. Qxc3 b6 7. Bg5 Bb7 8.
f3 d5 9. e3 Nbd7 10. Nh3 Rc8 11. cxd5 exd5 12. Bd3 h6 13. Bh4 Qe7 14. O-O c5
15. Rfe1 cxd4 16. Qxd4 Ne5 17. Nf2 Qe6 18. Bf1 Rfe8 19. Bb5 Nfd7 20. Bg3 Nc6
21. Qd2 Nc5 22. Rad1 a6 23. Bxc6 Qxc6 24. Nd3 Nxd3 25. Qxd3 Qc2 26. Rd2 Qxd3
27. Rxd3 Rc2 28. Rb3 Re6 29. Rd1 a5 30. Bf2 Ba6 31. e4 dxe4 32. fxe4 Bb7 33. e5
Rxe5 34. Rxb6 Ree2 35. Rf1 Rxb2 36. Rxb2 Rxb2 37. Re1 Ra2 38. Re3 a4 39. h4 Bd5
40. Rg3 f6 41. Rd3 Be6 42. Bc5 h5 43. Rd4 Rc2 44. Bd6 Bd7 45. g3 Kf7 46. Kf1
Ke6 47. Bf8 Bb5+ 48. Kg1 Kf7 49. Bd6 Bc6 50. Kf1 Ke6 51. Bb8 Rc3 52. Kf2 Rf3+
53. Ke1 Rb3 54. Bc7 Kf5 55. Bd6 g5 56. Kf2 Rf3+ 57. Ke2 Rb3 58. Kf2 Ke6 59. Bc7
Bd7 60. Rd6+ Ke7 61. Rd4 Rb2+ 62. Ke1 Rc2 63. Ba5 Ke6 64. Bd2 Rc5 65. Bb4 Re5+
66. Kf2 Bb5 67. Bd6 Re2+ 68. Kg1 Bc6 69. Kf1 Re3 70. Kf2 Rf3+ 71. Ke2 Bd5 72.
Bc5 Rxg3 73. Rxa4 Kf5 74. Bf2 Rh3 75. Ra5 Ke4 76. Ra4+ Kf5 77. Ra5 Ke6 78. Ra4
g4 79. Bd4 Rxh4 80. Ra6+ Kf5 81. Rxf6+ Ke4 82. Bf2 Rh3 83. Rh6 Bc4+ 84. Ke1
Rh1+ 85. Kd2 Kf3 86. Rf6+ Kg2 87. Rf4 Bd5 88. Bd4 Bf3 89. a4 h4 90. Be5 h3 91.
Rf8 h2 0-1

[Event "XtraCon-Skakligaen"]
[Site "Denmark"]
[Date "2013.03.09"]
[Round "8.3"]
[White "Christensen, Stefan"]
[Black "Nilsson, Sebastian"]
[Result "1-0"]
[WhiteElo "2296"]
[BlackElo "2330"]
[PlyCount "73"]
[EventDate "2012.10.27"]
[EventType "team-tourn"]
[EventRounds "9"]
[WhiteTeam "Jetsmark"]
[BlackTeam "K41"]
[WhiteTeamCountry "DEN"]
[BlackTeamCountry "DEN"]

1. e4 c5 2. c3 Nf6 3. e5 Nd5 4. d4 cxd4 5. Nf3 Nc6 6. Bc4 Nb6 7. Bb3 d5 8. cxd4
Bg4 9. Be3 Nc4 10. Bxc4 dxc4 11. Qa4 Rc8 12. Nc3 Bd7 13. Qd1 e6 14. O-O Be7 15.
Ne4 Nb4 16. Bg5 O-O 17. Bxe7 Qxe7 18. Nd6 Rc7 19. a4 a6 20. Nd2 b5 21. axb5
axb5 22. N2e4 Nd5 23. Ra5 Rb8 24. Qa1 Bc6 25. g3 Rd7 26. Nc5 Rxd6 27. exd6 Qxd6
28. Qe1 Qd8 29. Qe5 Ne7 30. Ra7 Ng6 31. Qc7 Qe8 32. Re1 Rc8 33. Rxe6 Qf8 34.
Rxc6 Rxc7 35. Raxc7 Ne7 36. Rxe7 Qxe7 37. Rc8+ 1-0

[Event "XtraCon-Skakligaen"]
[Site "Denmark"]
[Date "2013.03.09"]
[Round "8.4"]
[White "Brinck Claussen, Bjorn"]
[Black "Baekgaard, Martin"]
[Result "1/2-1/2"]
[WhiteElo "2260"]
[BlackElo "2313"]
[PlyCount "109"]
[EventDate "2012.10.27"]
[EventType "team-tourn"]
[EventRounds "9"]
[WhiteTeam "K41"]
[BlackTeam "Jetsmark"]
[WhiteTeamCountry "DEN"]
[BlackTeamCountry "DEN"]

1. c4 Nf6 2. Nc3 d5 3. cxd5 Nxd5 4. g3 g6 5. Bg2 Nb6 6. d3 Bg7 7. Be3 Nc6 8.
Qd2 Nd4 9. Rc1 Nf5 10. Bc5 Bh6 11. e3 Nd7 12. Ne4 Nxc5 13. Nxc5 c6 14. h4 Bg7
15. h5 O-O 16. hxg6 hxg6 17. Ne2 e5 18. O-O Rb8 19. b4 Qe7 20. Nb3 Rd8 21. Na5
Qd6 22. Rfd1 Ne7 23. Nc4 Qf6 24. Nc3 Nd5 25. Nxd5 cxd5 26. Na5 Qb6 27. Rc2 Bf8
28. a3 Be6 29. Rdc1 Qb5 30. d4 exd4 31. exd4 Qb6 32. Nb3 Bf5 33. Rc3 Be4 34.
Nc5 Bxg2 35. Kxg2 Qf6 36. Rf3 Qd6 37. Qg5 Qe7 38. Qg4 b6 39. Re3 Qd6 40. Nd3
Re8 41. Ne5 Bg7 42. Rc6 Qd8 43. Qf4 Rb7 44. b5 Rbe7 45. Rf3 Qb8 46. Qg4 Qb7 47.
Re3 Re6 48. Rxe6 Rxe6 49. Nc6 Rxe3 50. fxe3 Bf8 51. a4 a6 52. Qg5 axb5 53. axb5
Qd7 54. Qe5 Qg4 55. Qxd5 1/2-1/2

[Event "XtraCon-Skakligaen"]
[Site "Denmark"]
[Date "2013.03.09"]
[Round "8.5"]
[White "Wiwe, Andreas"]
[Black "Laursen, Niels Norskov"]
[Result "1/2-1/2"]
[WhiteElo "2272"]
[BlackElo "2261"]
[PlyCount "96"]
[EventDate "2012.10.27"]
[EventType "team-tourn"]
[EventRounds "9"]
[WhiteTeam "Jetsmark"]
[BlackTeam "K41"]
[WhiteTeamCountry "DEN"]
[BlackTeamCountry "DEN"]

1. e4 c5 2. Nf3 e6 3. d4 cxd4 4. Nxd4 a6 5. Bd3 Qc7 6. O-O Nf6 7. Qe2 d6 8. c4
g6 9. Nc3 Bg7 10. Nf3 O-O 11. Bf4 Nc6 12. Rac1 Nh5 13. Be3 Bd7 14. Qd2 Rfe8 15.
Rfd1 Qa5 16. Be2 Bf8 17. c5 Rad8 18. cxd6 Bc8 19. e5 Nxe5 20. Ne4 Qxd2 21. Rxd2
Nd7 22. Nc5 Nxc5 23. Bxc5 Nf6 24. Ba3 Bh6 25. Rcd1 Bxd2 26. Nxd2 Bd7 27. Bf3
Nd5 28. Ne4 Bc6 29. h4 h6 30. Re1 f5 31. Nd2 e5 32. Bd1 Nf4 33. Nc4 Nd3 34. Re3
e4 35. Nb6 Kh7 36. h5 gxh5 37. Bxh5 Rg8 38. Bf7 Rgf8 39. Bc4 Ne5 40. Be2 Rg8
41. Nc4 Nxc4 42. Bxc4 Rg6 43. Rc3 Rgxd6 44. Bxd6 Rxd6 45. Kf1 Kg7 46. Ke2 Kf6
47. Ke3 Ke5 48. g3 Rf6 1/2-1/2

[Event "XtraCon-Skakligaen"]
[Site "Denmark"]
[Date "2013.03.09"]
[Round "8.6"]
[White "Schmidt, Kristen"]
[Black "Helledie, Anders"]
[Result "1-0"]
[WhiteElo "2264"]
[BlackElo "2236"]
[PlyCount "75"]
[EventDate "2012.10.27"]
[EventType "team-tourn"]
[EventRounds "9"]
[WhiteTeam "K41"]
[BlackTeam "Jetsmark"]
[WhiteTeamCountry "DEN"]
[BlackTeamCountry "DEN"]

1. e4 e6 2. d4 d5 3. Nc3 Nf6 4. e5 Nfd7 5. f4 c5 6. Nf3 Nc6 7. Be3 a6 8. Qd2
cxd4 9. Nxd4 Bc5 10. O-O-O O-O 11. Kb1 Bxd4 12. Bxd4 b5 13. Qe3 Qc7 14. Bd3
Nxd4 15. Qxd4 Qa7 16. Ne2 Qxd4 17. Nxd4 b4 18. Rhe1 Nc5 19. g4 a5 20. f5 Ba6
21. Re3 Rfc8 22. g5 Bxd3 23. cxd3 exf5 24. Nxf5 Rc7 25. Rc1 Ne6 26. Rxc7 Nxc7
27. h4 Kf8 28. Kc2 Ne6 29. Kd2 Rc8 30. Rf3 Rc7 31. Ke3 Rc2 32. Nd6 Nd8 33. Nxf7
Nxf7 34. e6 Rxb2 35. Rxf7+ Ke8 36. Kd4 Rxa2 37. Kxd5 b3 38. Rb7 1-0

[Event "XtraCon-Skakligaen"]
[Site "Denmark"]
[Date "2013.03.09"]
[Round "8.7"]
[White "Lund, Martin"]
[Black "Christensen, Bo Garner"]
[Result "1-0"]
[WhiteElo "2142"]
[BlackElo "2243"]
[PlyCount "131"]
[EventDate "2012.10.27"]
[EventType "team-tourn"]
[EventRounds "9"]
[WhiteTeam "Jetsmark"]
[BlackTeam "K41"]
[WhiteTeamCountry "DEN"]
[BlackTeamCountry "DEN"]

1. c4 e5 2. Nc3 Nc6 3. g3 g6 4. Bg2 Bg7 5. d3 d6 6. Rb1 f5 7. e3 Nf6 8. b4 O-O
9. Nge2 Be6 10. b5 Na5 11. Qa4 b6 12. Bd2 d5 13. Nxd5 Nxd5 14. Bxa5 bxa5 15.
cxd5 Bxd5 16. Bxd5+ Qxd5 17. Qb3 Rad8 18. Kd2 Rf7 19. Qxd5 Rxd5 20. Nc3 Rd8 21.
Na4 Bf8 22. Rb3 f4 23. Ke2 Rfd7 24. Rc1 fxe3 25. fxe3 Bd6 26. Nc3 Kg7 27. Ne4
Bf8 28. Rbc3 Rc8 29. Rc6 Kh6 30. h4 a4 31. h5 Kg7 32. hxg6 hxg6 33. Ra6 a3 34.
Rcc6 Be7 35. Rxg6+ Kf7 36. Rgc6 Rb8 37. Nc3 Rb7 38. Ra4 Bd6 39. Rca6 Bc5 40.
Rh4 Bd6 41. Rh7+ Ke6 42. Rxd7 Kxd7 43. Kf3 Bb4 44. Nb1 Rxb5 45. Nxa3 Ra5 46.
Rxa5 Bxa5 47. Ke4 Ke6 48. Nc4 Bc3 49. g4 Ba1 50. g5 Bc3 51. g6 Ba1 52. a4 Bc3
53. a5 a6 54. g7 Kf7 55. Kd5 Kxg7 56. Kc6 Kf6 57. Kxc7 Ke6 58. e4 Bd4 59. Kc6
Ke7 60. Nb6 Ke6 61. Nd5 Bf2 62. Nc7+ Ke7 63. Nxa6 Be1 64. Nb4 Kd8 65. a6 Kc8
66. a7 1-0

[Event "XtraCon-Skakligaen"]
[Site "Denmark"]
[Date "2013.03.09"]
[Round "8.8"]
[White "Hartung Nielsen, Jens"]
[Black "Rasmussen, Henning"]
[Result "0-1"]
[WhiteElo "2241"]
[BlackElo "2170"]
[PlyCount "92"]
[EventDate "2012.10.27"]
[EventType "team-tourn"]
[EventRounds "9"]
[WhiteTeam "K41"]
[BlackTeam "Jetsmark"]
[WhiteTeamCountry "DEN"]
[BlackTeamCountry "DEN"]

1. Nf3 d5 2. c4 c6 3. b3 Nf6 4. Bb2 Bf5 5. g3 e6 6. Bg2 Be7 7. O-O h6 8. d3 O-O
9. Nbd2 Nbd7 10. Rc1 Bg6 11. Rc2 a5 12. a3 Qb6 13. Qa1 Rfd8 14. Rfc1 Nh5 15.
cxd5 exd5 16. Bh3 Bf6 17. Bxd7 Rxd7 18. Bxf6 Nxf6 19. Ne5 Re7 20. Nxg6 fxg6 21.
Nf3 Qxb3 22. Nd4 Qb6 23. Qc3 Rf8 24. Rb2 Qd8 25. Rcb1 Qa8 26. Qc5 Rfe8 27. e3
Nd7 28. Qd6 Ne5 29. Rb3 a4 30. Rc3 Qa5 31. Rbc1 Rd7 32. Qb4 Qa6 33. Qb1 Kh7 34.
Kg2 Rf7 35. Ne2 g5 36. h4 Ng4 37. Rf1 Rxe3 38. d4+ g6 39. Nf4 Rxf4 40. gxf4
Rxc3 41. Re1 Ne3+ 42. fxe3 Rb3 43. Qc2 Qd3 44. Qf2 Qe4+ 45. Kg1 gxh4 46. Qxh4
Rxe3 0-1

[Event "XtraCon-Skakligaen"]
[Site "Denmark"]
[Date "2013.03.09"]
[Round "8.1"]
[White "Hector, Jonny"]
[Black "Kristiansen, Jens"]
[Result "1-0"]
[WhiteElo "2539"]
[BlackElo "2419"]
[PlyCount "97"]
[EventDate "2012.10.27"]
[EventType "team-tourn"]
[EventRounds "9"]
[WhiteTeam "Nordkalotten"]
[BlackTeam "BMSSkak"]
[WhiteTeamCountry "DEN"]
[BlackTeamCountry "DEN"]

1. e4 g6 2. d4 Bg7 3. Nc3 d6 4. f4 Nf6 5. Nf3 O-O 6. Bd3 Nc6 7. e5 dxe5 8. fxe5
Nh5 9. Be3 Bg4 10. Be2 f6 11. exf6 exf6 12. Qd2 Ne7 13. O-O-O Nf5 14. Qd3 Nxe3
15. Qxe3 Re8 16. Qd2 Qd6 17. Rde1 Qf4 18. g3 Qxd2+ 19. Nxd2 Bxe2 20. Rxe2 f5
21. Nf3 Rxe2 22. Nxe2 Nf6 23. c3 Re8 24. Re1 Ng4 25. h3 Nf2 26. Nf4 Rxe1+ 27.
Nxe1 Bh6 28. h4 Ne4 29. Kd1 Nxg3 30. Ne6 Ne4 31. Nxc7 Bf4 32. Ne6 Bg3 33. Nf3
b6 34. c4 Kf7 35. Neg5+ Nxg5 36. hxg5 Ke6 37. Ke2 Bf4 38. Kd3 a5 39. b3 Bc1 40.
Kc3 Bf4 41. b4 axb4+ 42. Kxb4 h5 43. Kb5 Bg3 44. Kxb6 h4 45. a4 Kd7 46. Kb7 h3
47. a5 Bf2 48. c5 Bxd4 49. c6+ 1-0

[Event "XtraCon-Skakligaen"]
[Site "Denmark"]
[Date "2013.03.09"]
[Round "8.2"]
[White "Sahl, Bjarke"]
[Black "Brynell, Stellan"]
[Result "1/2-1/2"]
[WhiteElo "2355"]
[BlackElo "2500"]
[PlyCount "119"]
[EventDate "2012.10.27"]
[EventType "team-tourn"]
[EventRounds "9"]
[WhiteTeam "BMSSkak"]
[BlackTeam "Nordkalotten"]
[WhiteTeamCountry "DEN"]
[BlackTeamCountry "DEN"]

1. e4 e6 2. d4 d5 3. Nc3 Nf6 4. Bg5 Bb4 5. e5 h6 6. Bd2 Bxc3 7. bxc3 Ne4 8. Bd3
Nxd2 9. Qxd2 c5 10. dxc5 Qa5 11. Nf3 Qxc5 12. O-O Nc6 13. Rfe1 Bd7 14. Rab1 b6
15. h3 Rc8 16. Re3 Qa5 17. Bb5 Ne7 18. Bxd7+ Kxd7 19. Nd4 Rc4 20. Rf3 Rf8 21.
Rg3 Rxd4 22. Qxd4 Nf5 23. Qg4 Nxg3 24. fxg3 g6 25. Kh2 Qxa2 26. Qb4 Rd8 27. Rf1
Ke8 28. Qf4 Rd7 29. Qxh6 Qa3 30. Rf4 Qf8 31. Qg5 Qe7 32. Qg4 Rc7 33. Qf3 Qg5
34. c4 Qxe5 35. cxd5 Qxd5 36. Qf2 e5 37. Rh4 Ke7 38. Ra4 Qc6 39. Rh4 Qxc2 40.
Qe3 Qc5 41. Qg5+ Ke6 42. Rh8 Qe7 43. Qg4+ Kd6 44. Qd1+ Kc6 45. Rd8 Qe6 46. Rb8
Qd5 47. Qc1+ Qc5 48. Qg5 e4 49. Qf6+ Kb5 50. Qf1+ Qc4 51. Qb1+ Kc6 52. Qb2 e3
53. Qf6+ Kb5 54. Qb2+ Kc6 55. Qf6+ Qe6 56. Qc3+ Kd7 57. Qd4+ Kc6 58. Qc3+ Kd7
59. Qd4+ Kc6 60. Qc3+ 1/2-1/2

[Event "XtraCon-Skakligaen"]
[Site "Denmark"]
[Date "2013.03.09"]
[Round "8.3"]
[White "Kristensen, Kaare Hove"]
[Black "Rostgaard, Tobias Valentin"]
[Result "1-0"]
[WhiteElo "2336"]
[BlackElo "2229"]
[PlyCount "71"]
[EventDate "2012.10.27"]
[EventType "team-tourn"]
[EventRounds "9"]
[WhiteTeam "Nordkalotten"]
[BlackTeam "BMSSkak"]
[WhiteTeamCountry "DEN"]
[BlackTeamCountry "DEN"]

1. c4 Nf6 2. Nc3 c6 3. e4 e5 4. Nf3 d6 5. d4 Nbd7 6. Be2 Be7 7. O-O O-O 8. Re1
Re8 9. Bf1 Bf8 10. d5 a5 11. Rb1 Nc5 12. b3 Bg4 13. a3 Na6 14. dxc6 bxc6 15. b4
axb4 16. axb4 d5 17. b5 Nb4 18. cxd5 cxd5 19. Qb3 d4 20. Nd5 Nbxd5 21. exd5 Bd6
22. b6 Bf5 23. b7 Rb8 24. Ra1 Re7 25. Ba6 h6 26. Ba3 Be4 27. Bxd6 Qxd6 28. Rec1
Bxd5 29. Rc8+ Re8 30. Qb5 Kh7 31. Rac1 e4 32. Nxd4 Ng4 33. g3 Qf6 34. Rf1 Qxd4
35. Rxe8 e3 36. Qd3+ 1-0

[Event "XtraCon-Skakligaen"]
[Site "Denmark"]
[Date "2013.03.09"]
[Round "8.4"]
[White "Nielsen, Thomas Bach"]
[Black "Sylvan, Jacob"]
[Result "0-1"]
[WhiteElo "2188"]
[BlackElo "2313"]
[PlyCount "56"]
[EventDate "2012.10.27"]
[EventType "team-tourn"]
[EventRounds "9"]
[WhiteTeam "BMSSkak"]
[BlackTeam "Nordkalotten"]
[WhiteTeamCountry "DEN"]
[BlackTeamCountry "DEN"]

1. f4 d5 2. Nf3 Nf6 3. g3 g6 4. Bg2 Bg7 5. O-O O-O 6. d3 Nc6 7. Nc3 d4 8. Ne4
Nd5 9. Bd2 e5 10. fxe5 Nxe5 11. Nxd4 Ng4 12. Nb3 Nde3 13. Qc1 Nxf1 14. Qxf1 f5
15. Nc3 c6 16. Qf4 Be6 17. e3 Qe7 18. Re1 Rae8 19. h3 Nf6 20. e4 fxe4 21. Nxe4
Bxb3 22. Bb4 Nxe4 23. Bxe7 Rxf4 24. gxf4 Bxc2 25. Rxe4 Bxd3 26. Re1 Bf5 27. b3
Bc3 28. Re2 Kf7 0-1

[Event "XtraCon-Skakligaen"]
[Site "Denmark"]
[Date "2013.03.09"]
[Round "8.5"]
[White "Hove, Esben Kjems"]
[Black "Haubro, Martin"]
[Result "1-0"]
[WhiteElo "2267"]
[BlackElo "2151"]
[PlyCount "83"]
[EventDate "2012.10.27"]
[EventType "team-tourn"]
[EventRounds "9"]
[WhiteTeam "Nordkalotten"]
[BlackTeam "BMSSkak"]
[WhiteTeamCountry "DEN"]
[BlackTeamCountry "DEN"]

1. d4 Nf6 2. c4 c5 3. d5 e6 4. Nc3 exd5 5. cxd5 d6 6. e4 g6 7. Be2 Bg7 8. Nf3
O-O 9. O-O Bg4 10. Nd2 Bxe2 11. Qxe2 Nbd7 12. Nc4 Ne8 13. f4 Qe7 14. Re1 a6 15.
a4 Bd4+ 16. Kh1 Ng7 17. e5 dxe5 18. fxe5 Rfe8 19. Bf4 Nh5 20. g3 Nxf4 21. gxf4
Qh4 22. Qf3 Nf6 23. Re2 Nh5 24. Rf1 Rad8 25. d6 Bxc3 26. bxc3 Re6 27. Rg2 Ng7
28. Rg4 Qh5 29. f5 Ree8 30. a5 Kh8 31. fxg6 fxg6 32. Rf4 Qxf3+ 33. R4xf3 Nf5
34. Rd3 Kg7 35. Rd5 Kf7 36. Rb1 Ke6 37. Rxc5 Rf8 38. Rxb7 Nh4 39. Ne3 Rd7 40.
Rxd7 Kxd7 41. Rc7+ Ke6 42. Re7# 1-0

[Event "XtraCon-Skakligaen"]
[Site "Denmark"]
[Date "2013.03.09"]
[Round "8.6"]
[White "Brondt, Nicolai Kvist"]
[Black "Nielsen, Lars Aaes"]
[Result "1/2-1/2"]
[WhiteElo "2177"]
[BlackElo "2260"]
[PlyCount "108"]
[EventDate "2012.10.27"]
[EventType "team-tourn"]
[EventRounds "9"]
[WhiteTeam "BMSSkak"]
[BlackTeam "Nordkalotten"]
[WhiteTeamCountry "DEN"]
[BlackTeamCountry "DEN"]

1. d4 Nf6 2. Nf3 b6 3. g3 e6 4. Bg2 Bb7 5. O-O Be7 6. c4 O-O 7. Nc3 d5 8. Ne5
c6 9. b3 Nfd7 10. Nxd7 Qxd7 11. Bb2 Rd8 12. e4 dxc4 13. bxc4 Ba6 14. Qb3 Qxd4
15. Nd5 Qc5 16. Qc3 f6 17. Nc7 Qxc4 18. Qxc4 Bxc4 19. Rfd1 Na6 20. Nxa8 Rxa8
21. Rac1 Bxa2 22. Rxc6 Bb3 23. Ra1 Nc5 24. Rc7 Bd6 25. Raxa7 Rxa7 26. Rxa7 Bc2
27. Bd4 e5 28. Bxc5 Bxc5 29. Rb7 Bd3 30. Bf1 Bxf1 31. Kxf1 h5 32. h3 Kh7 33.
Ke2 Kh6 34. Kf3 Bd4 35. Kg2 Bc5 36. Rc7 Bd4 37. Kf3 Kg6 38. Ke2 Kh6 39. Ke1 b5
40. Rb7 b4 41. Ke2 Bc3 42. Kf3 Kg6 43. g4 hxg4+ 44. Kxg4 Be1 45. f3 Bc3 46. h4
Bd2 47. h5+ Kh7 48. Kf5 Kh6 49. Rb8 Kxh5 50. Rh8+ Bh6 51. Rb8 Bd2 52. Rd8 Bg5
53. Rh8+ Bh6 54. Rb8 Bd2 1/2-1/2

[Event "XtraCon-Skakligaen"]
[Site "Denmark"]
[Date "2013.03.09"]
[Round "8.7"]
[White "Pedersen, Daniel V"]
[Black "Pedersen, Sven"]
[Result "1-0"]
[WhiteElo "2274"]
[BlackElo "2114"]
[PlyCount "51"]
[EventDate "2012.10.27"]
[EventType "team-tourn"]
[EventRounds "9"]
[WhiteTeam "Nordkalotten"]
[BlackTeam "BMSSkak"]
[WhiteTeamCountry "DEN"]
[BlackTeamCountry "DEN"]

1. e4 c5 2. c3 Nf6 3. e5 Nd5 4. d4 cxd4 5. Nf3 Nc6 6. Bc4 Nb6 7. Bb3 d5 8. exd6
Qxd6 9. O-O d3 10. Na3 Bf5 11. Nb5 Qd8 12. Bf4 Rc8 13. Nh4 Bg6 14. Re1 e6 15.
Nxg6 hxg6 16. Re3 Bc5 17. Rxd3 Qf6 18. Nd6+ Bxd6 19. Bxd6 Ne5 20. Rd4 g5 21.
Qe2 Nc6 22. Rd3 Ne7 23. Rf3 Qg6 24. Bc2 Qh5 25. Qb5+ Nc6 26. Rh3 1-0

[Event "XtraCon-Skakligaen"]
[Site "Denmark"]
[Date "2013.03.09"]
[Round "8.8"]
[White "Brorsen, Jacob Abildlund"]
[Black "Jakobsen, Peter"]
[Result "1-0"]
[WhiteElo "2129"]
[BlackElo "2255"]
[PlyCount "135"]
[EventDate "2012.10.27"]
[EventType "team-tourn"]
[EventRounds "9"]
[WhiteTeam "BMSSkak"]
[BlackTeam "Nordkalotten"]
[WhiteTeamCountry "DEN"]
[BlackTeamCountry "DEN"]

1. d4 Nf6 2. c4 e6 3. g3 d5 4. Bg2 Be7 5. Nf3 O-O 6. O-O dxc4 7. Qc2 a6 8. Qxc4
b5 9. Qc2 Bb7 10. Bd2 Nbd7 11. Ba5 Rc8 12. Nbd2 Nb8 13. Nb3 Be4 14. Qd1 Nc6 15.
Be1 Nb4 16. Bd2 Qd5 17. Ne1 Bxg2 18. Nxg2 Rfd8 19. Nf4 Qf5 20. Bxb4 Bxb4 21.
Qd3 Qg5 22. Qf3 Bd6 23. Nd3 Nd5 24. Na5 Re8 25. Nc6 Ne7 26. Rac1 Ng6 27. Qg2 h5
28. f4 Qh6 29. Qf3 f5 30. Rc2 Ne7 31. Nxe7+ Rxe7 32. h4 Qg6 33. Rfc1 Qe8 34.
Qc6 Qxc6 35. Rxc6 Ra8 36. Kg2 Kf7 37. Kf3 Rd7 38. R1c2 Ra7 39. e3 Ke7 40. Nf2
g6 41. Nd3 Ra8 42. Re2 Kf7 43. Rec2 Ra7 44. R2c3 Ke7 45. Ke2 Rd8 46. Kd1 Rb8
47. Kc2 Kd7 48. Ne5+ Bxe5 49. fxe5 Rg8 50. Kd3 g5 51. d5 exd5 52. Rh6 gxh4 53.
gxh4 Rg4 54. Rh7+ Kd8 55. Rc6 Re4 56. Re6 Rb7 57. Ree7 Rb6 58. Rd7+ Kc8 59.
Rxc7+ Kb8 60. Rcf7 Rc6 61. Rf8+ Rc8 62. Rxf5 Rxh4 63. Rfxh5 Rxh5 64. Rxh5 Rc1
65. Rh7 Kc8 66. Kd4 Rd1+ 67. Kc5 Rd2 68. e6 1-0

[Event "XtraCon-Skakligaen"]
[Site "Denmark"]
[Date "2013.03.09"]
[Round "8.1"]
[White "Hillarp Persson, Tiger"]
[Black "Matthiesen, Arne"]
[Result "1-0"]
[WhiteElo "2556"]
[BlackElo "2345"]
[PlyCount "117"]
[EventDate "2012.10.27"]
[EventType "team-tourn"]
[EventRounds "9"]
[WhiteTeam "Bronshoj"]
[BlackTeam "SK1968"]
[WhiteTeamCountry "DEN"]
[BlackTeamCountry "DEN"]

1. d4 d5 2. c4 dxc4 3. Nf3 Nf6 4. e3 e6 5. Bxc4 c5 6. O-O a6 7. dxc5 Bxc5 8.
Qxd8+ Kxd8 9. Be2 Ke7 10. Nfd2 Bd7 11. Nb3 Ba7 12. Bd2 Nc6 13. Rc1 Ne4 14. Be1
Rhc8 15. Na3 Ne5 16. Na5 Rxc1 17. Rxc1 Rc8 18. Rd1 b5 19. Kf1 Nc6 20. Nb3 Nc5
21. Nxc5 Bxc5 22. Nc2 Bd6 23. Bc3 Be5 24. Bxe5 Nxe5 25. Nd4 a5 26. Ke1 Nc4 27.
Rc1 Nxb2 28. Rxc8 Bxc8 29. Bxb5 Bd7 30. Kd2 e5 31. Bxd7 exd4 32. Bb5 dxe3+ 33.
Kc2 e2 34. Bxe2 Na4 35. Kd3 Nb6 36. Kd4 Kd6 37. Bf3 h6 38. g3 f5 39. Bg2 g6 40.
f4 g5 41. fxg5 hxg5 42. h4 gxh4 43. gxh4 Ke6 44. Bc6 Nc8 45. Bd5+ Kf6 46. Kc5
Ne7 47. Bb7 Ng6 48. h5 Nf4 49. Kb5 Ne2 50. a3 Nc3+ 51. Kc4 Nb1 52. a4 f4 53.
Kd3 Kg5 54. Bf3 Na3 55. Be2 Kh6 56. Kc3 Nb1+ 57. Kc2 Na3+ 58. Kb2 f3 59. Bf1
1-0

[Event "XtraCon-Skakligaen"]
[Site "Denmark"]
[Date "2013.03.09"]
[Round "8.2"]
[White "Hansen, Lars"]
[Black "Aagaard, Jacob"]
[Result "0-1"]
[WhiteElo "2267"]
[BlackElo "2517"]
[PlyCount "58"]
[EventDate "2012.10.27"]
[EventType "team-tourn"]
[EventRounds "9"]
[WhiteTeam "SK1968"]
[BlackTeam "Bronshoj"]
[WhiteTeamCountry "DEN"]
[BlackTeamCountry "DEN"]

1. e4 c5 2. Nc3 Nc6 3. f4 e6 4. Nf3 Nge7 5. Be2 d5 6. O-O dxe4 7. Nxe4 Nf5 8.
c3 Be7 9. d3 O-O 10. Bd2 Qc7 11. Qe1 b6 12. Rd1 a5 13. Nfg5 f6 14. Nf3 Bb7 15.
Qf2 Rae8 16. Rfe1 Nd8 17. Nh4 Nxh4 18. Qxh4 Nf7 19. Qh3 f5 20. Nf2 Bd6 21. Bf3
Bc8 22. Qh4 e5 23. Bd5 Be6 24. Bxe6 Rxe6 25. fxe5 Nxe5 26. Nh3 Rg6 27. Kh1 Rg4
28. Qh5 Nxd3 29. Re8 g6 0-1

[Event "XtraCon-Skakligaen"]
[Site "Denmark"]
[Date "2013.03.09"]
[Round "8.3"]
[White "Hoi, Carsten"]
[Black "Lindfeldt, Jan Magnus"]
[Result "1/2-1/2"]
[WhiteElo "2370"]
[BlackElo "2269"]
[PlyCount "41"]
[EventDate "2012.10.27"]
[EventType "team-tourn"]
[EventRounds "9"]
[WhiteTeam "Bronshoj"]
[BlackTeam "SK1968"]
[WhiteTeamCountry "DEN"]
[BlackTeamCountry "DEN"]

1. d4 d5 2. Nf3 Nf6 3. c4 c6 4. e3 a6 5. a4 Bf5 6. Nc3 e6 7. Bd3 Bxd3 8. Qxd3
Nbd7 9. O-O Bb4 10. Bd2 a5 11. cxd5 exd5 12. Ng5 h6 13. Nh3 O-O 14. f3 Re8 15.
Rae1 Qb6 16. Nf4 Rad8 17. Kh1 Nf8 18. Qc2 Ne6 19. Nd3 Bf8 20. Ne5 c5 21. dxc5
1/2-1/2

[Event "XtraCon-Skakligaen"]
[Site "Denmark"]
[Date "2013.03.09"]
[Round "8.4"]
[White "Matthiesen, Martin"]
[Black "Pilgaard, Kim"]
[Result "0-1"]
[WhiteElo "2266"]
[BlackElo "2432"]
[PlyCount "58"]
[EventDate "2012.10.27"]
[EventType "team-tourn"]
[EventRounds "9"]
[WhiteTeam "SK1968"]
[BlackTeam "Bronshoj"]
[WhiteTeamCountry "DEN"]
[BlackTeamCountry "DEN"]

1. d4 d5 2. c4 dxc4 3. Nf3 Nf6 4. e3 Be6 5. Nc3 h6 6. e4 c6 7. a4 Nbd7 8. d5
Bg4 9. Bxc4 Qc7 10. h3 Bxf3 11. Qxf3 cxd5 12. Bxd5 e6 13. Ba2 Bd6 14. O-O a6
15. g3 O-O 16. Qe2 Rac8 17. Bd2 Bb4 18. Rfd1 Qa5 19. Kg2 Rfd8 20. Be1 Nb6 21.
Rxd8+ Rxd8 22. Rd1 Rxd1 23. Qxd1 Nxa4 24. e5 Nxc3 25. bxc3 Qxa2 26. exf6 Bf8
27. fxg7 Bxg7 28. Qd8+ Bf8 29. Qc7 Qe2 0-1